000 01630cam a22002174a 4500
005 20250605164105.0
008 250528s ||||||||||||||||||||||||d
035 _a17695
020 _a9780262513111
040 _aGR-AtMCL
_bgre
_dGR-AtMCL
_eAACR2
245 1 _aWhat is Addiction?
260 _bKincaid Harold
_bThe MIT Press,
_c2010
300 _a452
520 _aThis book demonstrates a sweeping advance over the simplistic conception embedded in popular culture. Introduction: What is Addiction?, Neuroeconomics of Addiction: The Contribution of Executive Dysfunction, Neurobiology of Pathological Gambling, Genetic Influences on Addiction: Alcoholism as an Exemplar, Addiction as a Breakdown in the Machinery of Decision Making, Economic Models of Pathological Gambling, Addiction: A Latent Property of the Dynamics of Choice, Addiction and Altruism, The Core Process in Addictions and Other Impulses: Hyperbolic Discounting Versus Conditioning and Cognitive Framing, Measuring Dispositions to Bundle Choices, Neural Recruitment During Self-Control of Smoking: A Pilot fMRI Study, Anticipatory Processing as a Transdisciplinary Bridge in Addiction, Impulsivity and Its Association with Treatment Development for Pathological Gambling and Substance Use Disorders, Medical Models of Addiction, Addiction and the Diagnostic Criteria for Pathological Gambling, Irrational Action and Addiction, Defining Addiction and Identifying the Public Interest in Democracies.
700 1 _aCollins Peter
_93874
700 1 _aRoss Don
_93875
700 1 _aSpurrett David
_93876
942 _cBK
999 _c3097
_d3097